| 000 | 00802nam a2200253Ia 4500 | ||
|---|---|---|---|
| 003 | OSt | ||
| 005 | 20220923224849.0 | ||
| 006 | a|||||r|||| 00| 0 | ||
| 007 | ta | ||
| 008 | 220922b |||||||| |||| 00| 0 hin d | ||
| 024 | _a252,568 | ||
| 037 | _cTextual | ||
| 040 |
_aARTS _cARTS _bhin |
||
| 041 |
_2hin _ahin |
||
| 082 | _aO152,2N27,SB, M0 | ||
| 100 | _aहरिकृष्ण 'प्रेमी' | ||
| 245 | 0 | _aस्वपन भंग | |
| 246 | _aSvapan bhanga | ||
| 260 |
_aदिल्ली _b आत्माराम एण्ड संस _c1980 |
||
| 300 |
_a123पृ. _ccm. |
||
| 650 |
_aहिन्दी साहित्य _9156264 |
||
| 942 |
_hO152,2N27,SB, M0 _cTEXL _2CC |
||
| 999 |
_c374207 _d374207 |
||